Trouvez ces groupes angolophones traduit en français! #2 - Statistiques

Statistiques générales
  • Ce quiz a été pris 38 fois
  • Le résultat moyen est 5 sur 15
Statistiques - réponses
Nom traduit Nom original % Correct
Vingt et Un Pilotes Twenty One Pilots
89%
Maïs Korn
75%
François-Ferdinand Franz Ferdinand
61%
Boîte à esprit Spiritbox
53%
Architectes Architects
39%
Clous de Neuf Pouces Nine Inch Nails
33%
L'Avertissement The Warning
33%
Nœud coulant Slipknot
31%
Jeton de Sommeil Sleep Token
19%
JE NE SAIS PAS COMMENT MAIS ILS M'ONT TROUVÉ I DONT KNOW HOW BUT THEY FOUND ME
17%
Biscuit Mou Limp Bizkit
17%
Rien que des voleurs Nothing But Thieves
11%
La progéniture The Offspring
8%
Tueur Slayer
6%
Une journée inoubliable A Day To Remember
3%
Aucun quiz correspondant
Distribution des résultats
% des personnes avec chaque résultat
Percentile par nombre de réponses
Votre historique - résultats
Vous n’avez pas pris ce quiz